000 00681nas a2200217 i 4500
001 189754
003 ES-MaACL
005 20250217134931.0
008 191010d1945 sp a| | ||pa d
022 _a0211-7479
245 0 0 _aArchivo consultivo de hacienda /
_cdirector Alberto Avilés Sanz.
260 _aMadrid :
_b[Sigma],
_c1945-
300 _a4 v. ;
_c25 cm.
310 _aAnual
362 0 _a1945-
500 _a1950-1956 subtít.: anuario de legislación y jurisprudencia; a partir de 1957 subtít.: leyes y reglamentos tributarios.
600 0 4 _aAvilés Sanz, Alberto.
_924079
852 _aES-MaACL
_jP-958
866 0 _o1945-1951.
999 _c189754
_d189754